Technológia a stroje pre zhutňovanie drevnej biomasy

Saved in:
Bibliographic Details
Main Author: Klimek, Pavol, 1989- (Author)
Other Authors: Križan, Peter, 1980- (Thesis advisor)
Format: Manuscript Book
Language:Slovak
Published: Bratislava : STU v Bratislave SjF, 2010
Subjects:
Online Access:VAIS
Tags: Add Tag
No Tags, Be the first to tag this record!

MARC

LEADER 00000ntm a22000003a 4500
001 stu218777
005 20150617230113.2
008 101207s2010----xo------------------slo-d
040 |a STU  |b slo 
041 0 |a slo 
044 |a xo 
100 1 |a Klimek, Pavol,  |d 1989-  |4 aut  |u J  |T SjF Strojnícka fakulta  |X 49330  |U J  |Y 20  |7 A000049330 
242 0 0 |a Technologies and machines for wood biomass compacting  |y eng 
245 1 |a Technológia a stroje pre zhutňovanie drevnej biomasy 
260 |a Bratislava :  |b STU v Bratislave SjF,  |c 2010 
650 7 |a výrobné systémy a manažérstvo kvality  |2 stusub 
650 7 |a Production Systems and Quality Management  |2 estusub 
650 7 |a zhutňovanie  |2 stusub 
650 7 |a peletovanie  |2 stusub 
650 7 |a compacting  |2 estusub 
650 7 |a briquetting  |2 estusub 
650 7 |a pelleting  |2 estusub 
700 1 |a Križan, Peter,  |d 1980-  |4 ths  |u J0070  |U SjF Strojnícka fakulta  |T SjF Ústav výrobných systémov, enviromentálnej techniky a manažment kvality  |X 38318  |U J0070  |Y 804  |7 A000038318 
856 4 |a info a plný text  |u http://is.stuba.sk/zp/portal_zp.pl?podrobnosti=73989  |3 VAIS 
996 |b 284J038888  |c J*756/BP  |l JJSK  |s A  |a 24  |w stu218777_0001